01437nam a2200385Ic 450000100060000000300100000600500170001600700030003300800410003602000150007704000350009204100080012708200180013510000360015324500770018925000110026626400450027730000340032233600260035633700280038233800270041049000350043750000920047265000410056465000310060565000330063665000380066965000500070765000360075770000340079374000620082794200120088999900170090195201330091859654CO-BoRNBP20251027210327.0ta000101?uuuu unk 000 0 unk d a8434220679 aCO-BoRNBPbspaerdacCO-BoRNBP aspa a709.0216 G17a aGarganté, Maríaeaut96623700aArte románico /credacción María Garganté, Joan Manuel Triadó. a1a ed. 1aBarcelona, España :bParramón,c2000 a95 páginas :bilustraciones atextbtxt2rdacontent aunmediatedbn2rdamedia avolumebnc2rdacarrier aManuales Parramón arte : oro aSubtítulo en la carátula: El Románico como expresión del arte genuino de Europa07aArquitectura románica2lemb96623807aArte medieval2lemb96623907aArte románico2lemb96624007aEscultura románica2lemb96624107aLibros informativos para jovenes2lemb96624207aPintura románica2lemb966243 aTriadó, Joan Ramón966233 aEl Románico como expresión del arte genuino de Europa cBK2ddc c59654d59654 00102ddc40708GENaMELEJANIbMELEJANIcGENd2025-10-27l0o709.0216 G17apLEJ01137r2025-10-27 21:03:46tEj.1w2025-10-27yBK